000
00292nam a22001337a 4500
008
210429b ||||| |||| 00| 0 eng d
041
_a
eng
080
_a
311
082
_a
311
100
_a
55
101
_a
STA
245
_a
Probability and Statistics
_c
William H. Beyer
942
_2
udc
_c
BK
999
_c
56986
_d
56986